• 首页
  • 本馆介绍
  • 公告通知
  • 最新文献
  • 馆藏检索
  • 电子资源
  • 读者导购
  • 参考咨询
  • 我的图书馆
  • 登录
  • 详细信息显示
  • 放入我的书架
  • 预约/预借图书
  • 作者相关作品
  • 分类相关作品
  • 丛书相关作品
  • 出版社相关作品

书目信息

  • 表格格式
  • 工作单格式
  • 卡片格式
题名:
住宅室内设计
    
 
作者: 张超 主编
分册:  
出版信息: 北京   北京工艺美术出版社  2016.6
页数: 122页
开本: 26cm
丛书名:
单 册:
中图分类: TU241.02
科图分类:
主题词: 住宅--室内装饰设计--高等学校--教材
电子资源:
ISBN: 978-7-5140-0494-6
000 00904nam0 2200241 450
001 0500003362
005 20171022090813.0
010    @a978-7-5140-0494-6@dCNY40.80
100    @a20171022e20172016em y0chiy ea
101 0  @achi
102    @aCN@b110000
105    @aa z 000yy
106    @ar
200 1  @a住宅室内设计@9zhu zhai shi nei she ji@f张超[等]主编
210    @a北京@c北京工艺美术出版社@d2016.6@h2017.6
215    @a122页@c图@d26cm
312    @a主编还有:刘晓荣、吴展齐、刘伊丹
330    @a本书以优秀设计案例为素材,全面系统地阐述了室内设计的基础知识、基本方法。以住宅室内设计的过程为主线,介绍住宅室内设计的基本概念及住宅室内设计与建筑的关系;介绍空间功能分类、设计基础、设计方法。
606 0  @a住宅@x室内装饰设计@x高等学校@j教材
690    @aTU241.02@v5
701  0 @a张超@9zhang chao@c(艺术设计@f1971~)@4主编
801  0 @aCN@b91MARC@c20171022
905    @b1036181-5@dTU241.02@f5@e1265
    
    住宅室内设计/张超[等]主编.-北京:北京工艺美术出版社,2016.6(2017.6)
    122页:图;26cm
    
    
    ISBN 978-7-5140-0494-6:CNY40.80
    本书以优秀设计案例为素材,全面系统地阐述了室内设计的基础知识、基本方法。以住宅室内设计的过程为主线,介绍住宅室内设计的基本概念及住宅室内设计与建筑的关系;介绍空间功能分类、设计基础、设计方法。
●
相关链接 在E读中查询图书 在五车中查询图书 在当当中查询图书 在豆瓣中查询图书


正题名:住宅室内设计     索取号:TU241.02/1265         预约/预借

序号 登录号 条形码 馆藏地/架位号 状态 备注
1 1036181   210361810   第二样本阅览室/ [索取号:TU241.02/1265] 在馆    
2 1036182   210361829   密集书库-生命科学系/ [索取号:TU241.02/1265] 在馆    
3 1036183   210361838   第三借阅区/ [索取号:TU241.02/1265] 在馆    
4 1036184   210361847   第三借阅区/ [索取号:TU241.02/1265] 在馆    
5 1036185   210361856   第三借阅区/ [索取号:TU241.02/1265] 在馆    
唐山师范学院图书馆 欢迎您!
大连网信软件有限公司© 版权所有